[Event "revanssi #2"]
[Site "http://www.queenalice.com/game.php?id=608309"]
[Date "2009.6.24"]
[Round "-"]
[White "aqzu"]
[Black "Ripa"]
[Result "0-1"]
[WhiteElo "1100"]
[BlackElo "1500"]

1. d4 Nc6 2. d5 Ne5 3. Bf4 Ng6 4. e3 Nf6 5. Bb5 b6 6. d6 cxd6 7. Qh5 Nxh5 8. Bg5
Qc7 9. g4 Nf6 10. a4 Nxg4 11. h3 Bb7 12. hxg4 Bxh1 0-1

[Event "revanssi #x^n"]
[Site "http://www.queenalice.com/game.php?id=608347"]
[Date "2009.6.24"]
[Round "-"]
[White "aqzu"]
[Black "Ripa"]
[Result "0-1"]
[WhiteElo "1100"]
[BlackElo "1500"]

1. e4 e5 2. Bb5 b6 3. Nf3 Bd6 4. b3 Nf6 5. Ba3 Bxa3 6. Nxa3 Qe7 7. Nc4 Bb7 8.
O-O Nc6 9. Ncxe5 Nxe5 10. Ng5 Nfg4 11. f3 Qxg5 12. d3 Ne3 13. Qe1 Qxg2# 0-1

[Event "revanssi #x^n+1"]
[Site "http://www.queenalice.com/game.php?id=608349"]
[Date "2009.6.24"]
[Round "-"]
[White "aqzu"]
[Black "Ripa"]
[Result "0-1"]
[WhiteElo "1100"]
[BlackElo "1500"]

1. e4 e5 2. Qh5 g6 3. Qe2 b6 4. d3 Nf6 5. f3 Nh5 6. Nh3 Bc5 7. Bg5 f6 8. Bh6 Ng3
9. hxg3 Nc6 10. Bg7 Rg8 11. Bh6 Nd4 12. Qd2 a5 13. f4 Bb4 14. Nc3 exf4 15. gxf4
Qe7 16. e5 fxe5 17. Bg5 Qg7 18. f5 Rf8 19. a3 Be7 20. Qe3 Nxc2+ 21. Kd1 Nxe3+
22. Ke2 Bc5 23. f6 Qg8 24. Nb5 Nd5 25. Bh6 Rxf6 26. Nxc7+ Nxc7 27. Nf2 Rxf2+ 28.
Kd1 Qb3+ 29. Ke1 Qxb2 30. Rd1 Re2+ 31. Bxe2 Bb4+ 32. axb4 axb4 33. Rh3 Bb7 34.
Bf3 Bxf3 35. gxf3 Qg2 36. Rh4 Ra2 37. Bg7 Qe2# 0-1

[Event "rokrok"]
[Site "http://www.queenalice.com/game.php?id=609238"]
[Date "2009.6.26"]
[Round "-"]
[White "aqzu"]
[Black "Ripa"]
[Result "0-1"]
[WhiteElo "1100"]
[BlackElo "1500"]

1. e4 e5 2. d3 Nh6 3. f3 g6 4. h4 Bg7 5. Bg5 f6 6. c4 fxg5 7. hxg5 Qxg5 8. c5
Na6 9. b4 Nxb4 10. Qa4 Qe3+ 11. Be2 Nxd3+ 12. Kf1 Qc1+ 13. Bd1 Nxc5 14. Ne2 Qb2
15. f4 Nxa4 16. Bxa4 Qxa1 17. fxe5 Qxb1+ 18. Nc1 Qxc1+ 19. Kf2 Qxh1 20. e6 Rf8+
21. Ke3 Ng4+ 22. Kd3 Qd1+ 23. Bxd1 dxe6 24. Bxg4 e5 25. Bd1 Rf2 26. Ba4+ Bd7 27.
Kc4 Bxa4 28. Kc5 Rc2+ 29. Kb4 Rxa2 30. Ka5 b6+ 31. Kb4 a5+ 0-1

[Event "Challenge"]
[Site "http://www.queenalice.com/game.php?id=609239"]
[Date "2009.6.26"]
[Round "-"]
[White "aqzu"]
[Black "Ripa"]
[Result "1-0"]
[WhiteElo "1100"]
[BlackElo "1500"]

1. e4 e5 2. Bb5 Nf6 3. f3 a6 4. Bc4 Bc5 5. b3 Bd4 6. Ne2 Bxa1 7. d3 O-O 8. Bg5
Nc6 9. O-O d5 10. exd5 Nxd5 11. Bxd8 Nxd8 12. Bxd5 c6 13. Be4 Ne6 14. g4 g6 15.
Qd2 Nc5 16. Qh6 Be6 17. Bf5 e4 18. Bxe4 Bg7 19. Qg5 h6 20. Qxc5 Rad8 21. Qb6 h5
22. gxh5 Bh3 23. Rf2 gxh5 24. f4 h4 25. f5 Bg4 26. f6 Bh6 27. Rg2 Kh8 28. Rxg4
Rd6 29. Qc7 Rfd8 30. Qe7 Be3+ 31. Kh1 h3 32. Qxf7 Rxf6 33. Qxf6# 1-0

[Event "Challenge"]
[Site "http://www.queenalice.com/game.php?id=609267"]
[Date "2009.6.26"]
[Round "-"]
[White "aqzu"]
[Black "Ripa"]
[Result "0-1"]
[WhiteElo "1100"]
[BlackElo "1500"]

1. e4 e5 2. Bb5 b6 3. c4 Nf6 4. f3 Nh5 5. g4 Qh4+ 6. Kf1 Nf4 7. d3 Bb7 8. a4 Nc6
9. Bxc6 Bxc6 10. a5 bxa5 11. Rxa5 a6 12. Rxe5+ Be7 13. Qb3 a5 14. Rxa5 Rxa5 15.
Qb8+ Bd8 16. Bxf4 Ra8 17. Qb6 cxb6 0-1

[Event "Challenge"]
[Site "http://www.queenalice.com/game.php?id=610768"]
[Date "2009.6.29"]
[Round "-"]
[White "aqzu"]
[Black "Ripa"]
[Result "0-1"]
[WhiteElo "1076"]
[BlackElo "1500"]

1. e4 e5 2. f3 Nc6 3. Nc3 b6 4. Nd5 Bb7 5. d3 Nf6 6. c4 Nb4 7. Bg5 Be7 8. Nxe7
Qxe7 9. a3 Nc6 10. g4 Qd6 11. Qa4 Na5 12. Bh4 Bc6 13. Qd1 Qd4 14. Qd2 Nb3 15.
Qc2 Nxa1 16. Qe2 Ba4 17. g5 Nc2+ 18. Kd1 Ne3+ 19. Ke1 Bc2 20. gxf6 gxf6 21. Bxf6
Rg8 22. Bh3 Bxd3 23. Bxd7+ Qxd7 24. Qf2 Nf1 25. Bxe5 Bxc4 26. Qc2 Qe6 27. Bxc7
Rc8 28. Qa4+ Kf8 29. Bf4 Qf6 30. Qb4+ Rc5 31. Nh3 Qh4+ 32. Nf2 Qxf4 33. Qd2 Nxd2
34. Rg1 Nxf3+ 0-1

[Event "Challenge"]
[Site "http://www.queenalice.com/game.php?id=611433"]
[Date "2009.6.30"]
[Round "-"]
[White "aqzu"]
[Black "Ripa"]
[Result "0-1"]
[WhiteElo "1076"]
[BlackElo "1500"]

1. e4 e5 2. d3 Nc6 3. c4 Bb4+ 4. Bd2 Qe7 5. a3 Bc5 6. Qh5 Nf6 7. Qg5 O-O 8. h4
h6 9. Qh5 Nxh5 10. f3 Nd4 11. g4 Nc2+ 12. Ke2 Nxa1 13. gxh5 Bxg1 14. Rxg1 Qxh4
15. Bb4 d6 16. Be1 Qh2+ 17. Bg2 Qxg1 18. Bf1 Nb3 19. Nd2 Nd4+ 20. Kd1 Nxf3 21.
Nxf3 Qxf1 22. Kc1 Qxf3 23. b4 Qxd3 24. Bh4 Qxa3+ 25. Kd2 Qxb4+ 26. Kd3 Be6 27.
Be7 Qxc4+ 0-1

[Event "Challenge"]
[Site "http://www.queenalice.com/game.php?id=611434"]
[Date "2009.6.30"]
[Round "-"]
[White "aqzu"]
[Black "Ripa"]
[Result "0-1"]
[WhiteElo "1076"]
[BlackElo "1500"]

1. e4 e5 2. Nf3 d6 3. Bb5+ Nc6 4. c4 Be6 5. Ng5 Qxg5 6. O-O Nf6 7. Bxc6+ bxc6 8.
Qa4 Nxe4 9. Qxc6+ Bd7 10. Qxa8+ Qd8 11. Qxe4 f5 12. Qb7 Bc8 13. d3 Bxb7 14. g4
Qg5 15. Bxg5 fxg4 16. f3 gxf3 17. Nd2 f2+ 18. Rxf2 h6 19. b4 hxg5 20. Ne4 Rh3
21. Rf5 Rxd3 22. Rf6 gxf6 23. Nxf6+ Kf7 24. Nd7 Be7 25. Rf1+ Ke8 26. Nb8 Rd2 27.
Rf5 Rxa2 28. c5 Rg2+ 29. Kf1 Rxh2 30. cxd6 Bxd6 0-1

[Event "Challenge"]
[Site "http://www.queenalice.com/game.php?id=611905"]
[Date "2009.7.1"]
[Round "-"]
[White "aqzu"]
[Black "Ripa"]
[Result "0-1"]
[WhiteElo "1076"]
[BlackElo "1500"]

1. e4 e5 2. Bd3 Bc5 3. Nf3 Nh6 4. Nc3 O-O 5. O-O Ng4 6. h3 Nxf2 7. Rxf2 Bxf2+ 8.
Kxf2 d6 9. Nb5 Bd7 10. Nxd6 cxd6 11. Bc4 Nc6 12. Bb5 d5 13. Nxe5 Nxe5 14. Bxd7
Qxd7 15. Qh5 Rfe8 16. b3 dxe4 17. d3 exd3 18. Qd1 Red8 19. Bg5 f6 20. Bf4 Qf5
21. Kg1 Qxf4 22. g3 Qxg3+ 23. Kf1 Qxh3+ 24. Ke1 dxc2 25. Qxc2 Rd3 26. Rd1 Rad8
27. Qc7 Nf3+ 0-1

[Event "no nyt perkele"]
[Site "http://www.queenalice.com/game.php?id=614213"]
[Date "2009.7.6"]
[Round "-"]
[White "aqzu"]
[Black "Ripa"]
[Result "0-1"]
[WhiteElo "1076"]
[BlackElo "1500"]

1. e4 e5 2. c4 Bc5 3. d3 Qh4 4. g3 Qe7 5. Bh3 Qf6 6. f4 exf4 7. Bd2 fxg3 8. Bf5
g2 9. Qf3 gxh1=Q 10. Qxh1 Qxb2 11. Qg2 Qxa1 12. Qxg7 Qxg7 0-1

[Event "Challenge"]
[Site "http://www.queenalice.com/game.php?id=614222"]
[Date "2009.7.6"]
[Round "-"]
[White "aqzu"]
[Black "Ripa"]
[Result "0-1"]
[WhiteElo "1076"]
[BlackElo "1500"]

1. f4 e6 2. e3 Qh4+ 3. g3 Qf6 4. c4 Na6 5. Bd3 Nb4 6. Be4 Nh6 7. a3 Nc6 8. b4
Qxa1 9. Bxc6 Qxb1 10. Qh5 Qxc1+ 11. Kf2 Qxd2+ 12. Kf3 Nf5 13. Bxd7+ Bxd7 14. Kg4
Qxe3 15. Nh3 g6 16. Re1 Qxe1 17. Kg5 Ke7 18. c5 Qh1 19. Qe2 Bh6+ 20. Kg4 Bc6 21.
Qd3 Rad8 22. Qc4 Qd1+ 0-1

[Event "Challenge"]
[Site "http://www.queenalice.com/game.php?id=614232"]
[Date "2009.7.6"]
[Round "-"]
[White "aqzu"]
[Black "Ripa"]
[Result "0-1"]
[WhiteElo "1076"]
[BlackElo "1500"]

1. e4 e5 2. f3 b6 3. a4 Na6 4. a5 bxa5 5. Rxa5 c6 6. Rxe5+ Be7 7. Bc4 Qc7 8.
Bxf7+ Kxf7 9. Qe2 Qxe5 10. Qc4+ d5 11. Qe2 dxe4 12. fxe4 Nf6 13. d3 Bg4 14. Qf1
Bb4+ 15. c3 Bc5 16. d4 Qxe4+ 17. Be3 Qxb1+ 18. Kf2 Bd1 19. dxc5 Ne4+ 20. Ke1+
Kg6 21. Qf4 Rhf8 22. Qd6+ Nxd6 23. Nf3 Bxf3+ 0-1

[Event "Challenge"]
[Site "http://www.queenalice.com/game.php?id=614680"]
[Date "2009.7.7"]
[Round "-"]
[White "aqzu"]
[Black "Ripa"]
[Result "1-0"]
[WhiteElo "1076"]
[BlackElo "1500"]

1. e4 e5 2. f3 Nc6 3. d3 Bc5 4. Nh3 Qh4+ 5. g3 Qe7 6. Bg5 Nf6 7. c3 d5 8. exd5
Nxd5 9. c4 f6 10. cxd5 Nb4 11. Qa4+ Bd7 12. Qd1 fxg5 13. a3 Nxd5 14. f4 exf4+
15. Be2 Ne3 16. Qb3 Bxh3 17. Nd2 fxg3 18. hxg3 Rf8 19. Rxh3 g4 20. Rxh7 Ng2+ 21.
Kd1 Bb4 22. axb4 Qe3 23. Kc1 Qxe2 24. Rxg7 Rf1+ 25. Nxf1 Qxf1+ 26. Kd2 Rd8 27.
Qe6+ Kf8 28. Qe7# 1-0

[Event "Challenge"]
[Site "http://www.queenalice.com/game.php?id=614734"]
[Date "2009.7.7"]
[Round "-"]
[White "aqzu"]
[Black "Ripa"]
[Result "0-1"]
[WhiteElo "1076"]
[BlackElo "1500"]

1. e4 e5 2. f3 Nf6 3. d3 Bc5 4. Nh3 O-O 5. b4 Bxb4+ 6. c3 Bc5 7. Bg5 Qe8 8. d4
Be7 9. dxe5 Nh5 10. e6 fxe6 11. g3 Bxg5 12. Nxg5 Qg6 13. Nxe6 Qxe6 14. Qb3 d5
15. Bc4 dxc4 16. Qb5 b6 17. Qxh5 Rd8 18. f4 Qxe4+ 19. Kf2 Qxh1 20. Na3 Qxa1 21.
Qd5+ Rxd5 0-1

[Event "Challenge"]
[Site "http://www.queenalice.com/game.php?id=615280"]
[Date "2009.7.8"]
[Round "-"]
[White "Ripa"]
[Black "aqzu"]
[Result "1-0"]
[WhiteElo "1500"]
[BlackElo "1076"]

1. e4 e5 2. d3 Bb4+ 3. Bd2 Bxd2+ 4. Qxd2 f6 5. Nc3 Ne7 6. O-O-O O-O 7. Nd5 Nxd5
8. exd5 c6 9. dxc6 bxc6 10. Nf3 Ba6 11. Be2 c5 12. g3 Nc6 13. d4 Qa5 14. dxe5
fxe5 15. Nxe5 Nxe5 16. Qxa5 Bxe2 17. Rde1 Rxf2 18. Qxc5 Nc4 19. Qxf2 Re8 20. h4
a5 21. Rxe2 Nxb2 22. Rxe8# 1-0

[Event "Challenge"]
[Site "http://www.queenalice.com/game.php?id=615301"]
[Date "2009.7.8"]
[Round "-"]
[White "aqzu"]
[Black "Ripa"]
[Result "0-1"]
[WhiteElo "1076"]
[BlackElo "1500"]

1. e4 e5 2. d3 f6 3. g4 Nh6 4. h3 Bc5 5. Bxh6 O-O 6. Be3 b6 7. a3 Nc6 8. b4 Bxe3
9. fxe3 g6 10. b5 Na5 11. Nc3 f5 12. gxf5 gxf5 13. exf5 Qf6 14. e4 Qh4+ 15. Ke2
d5 16. exd5 Qf4 17. Nf3 Rxf5 18. Ke1 e4 19. dxe4 Qe3+ 20. Ne2 Rxf3 21. e5 Qf2+
22. Kd2 Nc4+ 23. Kc1 Ne3 24. Qd3 Nxf1 25. Qd1 Bxh3 26. Rb1 Bg2 27. Rh6 Re8 28.
Rg6+ hxg6 29. Kb2 Rxe5 30. Qd4 Rfe3 31. Ka2 Rxe2 32. Qg4 Kg7 33. Qd7+ Kh6 34.
Qxc7 Re7 35. Qd8 Qc5 36. Re1 Rxe1 0-1

[Event "Challenge"]
[Site "http://www.queenalice.com/game.php?id=616563"]
[Date "2009.7.10"]
[Round "-"]
[White "aqzu"]
[Black "Ripa"]
[Result "1-0"]
[WhiteElo "1074"]
[BlackElo "1500"]

1. e4 e5 2. d3 d6 3. f3 Nc6 4. c3 Nf6 5. d4 Be7 6. Bb5 Bd7 7. d5 Na5 8. Bxd7+
Nxd7 9. b4 Nc4 10. a4 O-O 11. Ne2 Bh4+ 12. Ng3 a5 13. b5 Nc5 14. O-O b6 15. Ra2
Bxg3 16. hxg3 g5 17. g4 Rc8 18. Bxg5 Qxg5 19. Re2 Nb3 20. f4 exf4 21. Ref2 Ne3
22. Qe2 Nxf1 23. Kxf1 Rfe8 24. g3 Nc5 25. Rxf4 Ne6 26. Rf2 Ng7 27. Nd2 c5 28.
Nf3 Qxg4 29. Nd4 Qh3+ 30. Kg1 Qxg3+ 31. Kf1 Nh5 32. Qxh5 Rxe4 33. Ne2 Rce8 34.
Nxg3 1-0